00501cam a22002051 4500001001300000003000400013005001700017008004100034010001700075035002000092040001800112042001200130050001800142100002400160245002800184260001100212300003000223500001700253650002500270sa 64002030 DLC20260227112007.0890420s1962 ii c 000 0 gujo  asa 64002030  a(OCoLC)19575728 aDLCcWaUdDLC apremarc00aPK1850.5b.P31 aPatel, Shanabhai N.10aAntaranā paḍaghā. c[1962] a12, 148 p.bport.c19 cm. aIn Gujarati. 0aGujarati literature.